[Event "Aruba op"]
[Site "Aruba"]
[Date "2017.10.07"]
[Round "4"]
[White "Jacopucci, Enrique"]
[Black "Colina Nunes, Alejandro Jose"]
[Result "0-1"]
[WhiteElo "1618"]
[BlackElo "1978"]
[PlyCount "42"]
[EventDate "2017.10.05"]
[EventType "swiss"]
[EventRounds "7"]
[EventCountry "ARN"]
[SourceTitle "CBM 181 Extra"]
[Source "ChessBase"]
[SourceDate "2017.12.12"]
[SourceVersion "1"]
[SourceVersionDate "2017.12.12"]
[SourceQuality "1"]

1. d4 Nf6 2. c4 e6 3. Nc3 Bb4 4. Qc2 0-0 5. Nf3 d6 6. Bg5 Nbd7 7. e3 Re8 8. Bd3 h6 9. Bh4 e5 10. 0-0 Bxc3 11. bxc3 g5 12. dxe5 dxe5 13. Bg3 e4 14. Be2 exf3 15. Bxf3 Ne5 16. Be2 Qe7 17. Rfd1 Bd7 18. Rab1 Bc6 19. Rd4 Ng6 20. Bd3 Nf8 21. Rd1 Ne6 0-1

[Event "Aruba op"]
[Site "Aruba"]
[Date "2017.10.05"]
[Round "1"]
[White "Colina Nunes, Alejandro Jose"]
[Black "Antonio, Kyell Jean"]
[Result "1-0"]
[WhiteElo "1978"]
[BlackElo "1367"]
[PlyCount "119"]
[EventDate "2017.10.05"]
[EventType "swiss"]
[EventRounds "7"]
[EventCountry "ARN"]
[SourceTitle "CBM 181 Extra"]
[Source "ChessBase"]
[SourceDate "2017.12.12"]
[SourceVersion "1"]
[SourceVersionDate "2017.12.12"]
[SourceQuality "1"]

1. e4 e5 2. Nf3 Nc6 3. Bc4 Bc5 4. 0-0 d6 5. c3 Bb6 6. d3 h6 7. Nbd2 Nf6 8. Bb3 0-0 9. h3 a6 10. Re1 Be6 11. Bc2 Re8 12. Nf1 Ne7 13. Ng3 Ng6 14. d4 c6 15. Qe2 Bc7 16. Be3 Qd7 17. Rad1 d5 18. dxe5 Nxe5 19. Nxe5 Bxe5 20. f4 Bc7 21. e5 Bxh3 22. gxh3 Qxh3 23. Qg2 Qxg2+ 24. Kxg2 Ng4 25. Bg1 g6 26. Kf3 h5 27. Nf1 Rad8 28. Ne3 Nh6 29. Bf2 Rd7 30. Bh4 Bd8 31. Bxd8 Rexd8 32. Bb3 Kg7 33. Rg1 d4 34. cxd4 Rxd4 35. Rxd4 Rxd4 36. Rd1 Rxd1 37. Bxd1 f6 38. exf6+ Kxf6 39. Ke4 h4 40. Ng4+ Nxg4 41. Bxg4 b6 42. Bc8 a5 43. Bd7 g5 44. fxg5+ Kxg5 45. Bxc6 Kf6 46. Kd5 Ke7 47. Kc4 Kd6 48. Kb5 Kc7 49. Bg2 h3 50. Bxh3 a4 51. Kxa4 Kc6 52. Bf1 Kc5 53. Be2 Kc6 54. Kb4 Kb7 55. Kb5 Kc7 56. Bf3 Kb8 57. Kxb6 Kc8 58. a4 Kb8 59. a5 Kc8 60. a6 1-0

[Event "San Francisco IRT"]
[Site "San Francisco"]
[Date "2017.09.17"]
[Round "6.4"]
[White "Avila Vargas, Juan Manuel"]
[Black "Colina Nunes, Alejandro Jose"]
[Result "0-1"]
[WhiteElo "1263"]
[BlackElo "1987"]
[PlyCount "35"]
[EventDate "2017.09.16"]
[EventType "swiss"]
[EventRounds "6"]
[EventCountry "VEN"]
[SourceTitle "EXT 2022"]
[Source "ChessBase"]
[SourceDate "2021.10.06"]
[SourceVersion "1"]
[SourceVersionDate "2021.10.06"]
[SourceQuality "1"]

1. e4 c6 2. d4 d5 3. exd5 cxd5 4. c4 Nf6 5. Nc3 Nc6 6. Nf3 e6 7. Be2 Be7 8. 0-0 0-0 9. h3 a6 10. Bf4 dxc4 11. Bxc4 b5 12. Bd3 Nb4 13. Bb1 Bb7 14. a3 Nbd5 15. Bd2 Rc8 16. Nxd5 Qxd5 17. Be3 Rfd8 18. Ne5 0-1

[Event "San Francisco IRT"]
[Site "San Francisco"]
[Date "2017.09.16"]
[Round "2.2"]
[White "Colina Nunes, Alejandro Jose"]
[Black "Colmenares Olivares, Cesar Eduardo"]
[Result "1/2-1/2"]
[WhiteElo "1987"]
[BlackElo "1823"]
[PlyCount "118"]
[EventDate "2017.09.16"]
[EventType "swiss"]
[EventRounds "6"]
[EventCountry "VEN"]
[SourceTitle "EXT 2022"]
[Source "ChessBase"]
[SourceDate "2021.10.06"]
[SourceVersion "1"]
[SourceVersionDate "2021.10.06"]
[SourceQuality "1"]

1. e4 c5 2. Nf3 Nc6 3. c3 d5 4. exd5 Qxd5 5. d4 Bg4 6. Be2 e6 7. h3 Bxf3 8. Bxf3 Qd7 9. Be3 cxd4 10. cxd4 Nf6 11. Nc3 Bb4 12. 0-0 Bxc3 13. bxc3 0-0 14. Bg5 Nd5 15. Rc1 Nb6 16. Be4 f6 17. Bf4 Rac8 18. Re1 Nd5 19. Bd2 Na5 20. Qe2 Nc4 21. Bd3 Ndb6 22. Bf4 Rfe8 23. Qe4 g6 24. h4 Qd5 25. Qe2 Nd6 26. h5 g5 27. Bh2 Nf7 28. f4 Kh8 29. fxg5 Nxg5 30. Qf2 Rf8 31. Bf4 h6 32. Qe3 Qxa2 33. Bxg5 fxg5 34. Qe5+ Kg8 35. Qxe6+ Qxe6 36. Rxe6 Rc6 37. Rxc6 bxc6 38. Re1 Kg7 39. Bg6 Kf6 40. Re5 Nd5 41. c4 Nf4 42. Ra5 Ra8 43. Kf2 Nxg6 44. hxg6 Kxg6 45. Ra6 Kh5 46. Rxc6 a5 47. Rb6 a4 48. Rb2 a3 49. Ra2 Ra4 50. Ke3 Rxc4 51. Rxa3 Kg4 52. Ra2 h5 53. Ke4 h4 54. Ke5 Kg3 55. d5 Rc1 56. Rd2 g4 57. d6 Rc8 58. Ke6 h3 59. gxh3 gxh3 1/2-1/2

[Event "San Francisco IRT"]
[Site "San Francisco"]
[Date "2017.09.16"]
[Round "5.2"]
[White "Rondon Montero, Ernesto Antonio"]
[Black "Colina Nunes, Alejandro Jose"]
[Result "1/2-1/2"]
[WhiteElo "1993"]
[BlackElo "1987"]
[PlyCount "36"]
[EventDate "2017.09.16"]
[EventType "swiss"]
[EventRounds "6"]
[EventCountry "VEN"]
[SourceTitle "EXT 2022"]
[Source "ChessBase"]
[SourceDate "2021.10.06"]
[SourceVersion "1"]
[SourceVersionDate "2021.10.06"]
[SourceQuality "1"]

1. d4 Nf6 2. Nf3 e6 3. c4 Bb4+ 4. Bd2 Qe7 5. Nc3 0-0 6. e3 d5 7. Bd3 Nbd7 8. 0-0 c5 9. a3 Bxc3 10. Bxc3 cxd4 11. exd4 dxc4 12. Bxc4 a5 13. Ba2 Rd8 14. Re1 Nb6 15. Rc1 Nbd5 16. Bxd5 Nxd5 17. Ne5 Bd7 18. Nxd7 Qxd7 1/2-1/2

[Event "Para Todos-ch"]
[Site "San Francisco, Estado Zulia"]
[Date "2017.03.05"]
[Round "2.2"]
[White "Avila Gonzalez, Juan Jose"]
[Black "Colina Nunes, Alejandro Jose"]
[Result "0-1"]
[WhiteElo "1569"]
[BlackElo "1954"]
[PlyCount "72"]
[EventDate "2017.03.05"]
[EventType "swiss"]
[EventRounds "5"]
[EventCountry "VEN"]
[SourceTitle "EXT 2022"]
[Source "ChessBase"]
[SourceDate "2021.10.06"]
[SourceVersion "1"]
[SourceVersionDate "2021.10.06"]
[SourceQuality "1"]

1. d4 Nf6 2. Nf3 e6 3. Bg5 h6 4. Bh4 b6 5. e4 g5 6. Nxg5 hxg5 7. Bxg5 Be7 8. Nc3 Bb7 9. f3 d5 10. Qd2 dxe4 11. f4 Nbd7 12. 0-0-0 c6 13. Bc4 b5 14. Bb3 a5 15. a4 b4 16. Ne2 Ng4 17. Ng3 e3 18. Qe2 Nf2 19. Qxe3 Nxh1 20. Rxh1 Bxg5 21. fxg5 Qe7 22. h4 0-0-0 23. h5 Rdg8 24. Nf5 Qxg5 25. Qxg5 Rxg5 26. Nd6+ Kc7 27. Nxf7 Rgxh5 28. Rxh5 Rxh5 29. Bxe6 Nf8 30. Bc4 Rh1+ 31. Kd2 Rg1 32. b3 Rxg2+ 33. Kd3 Ng6 34. Ne5 Nxe5+ 35. dxe5 c5 36. e6 Kd6 0-1

[Event "Para Todos-ch"]
[Site "San Francisco, Estado Zulia"]
[Date "2017.03.05"]
[Round "4.1"]
[White "Rondon Montero, Ernesto Antonio"]
[Black "Colina Nunes, Alejandro Jose"]
[Result "1/2-1/2"]
[WhiteElo "1992"]
[BlackElo "1954"]
[PlyCount "27"]
[EventDate "2017.03.05"]
[EventType "swiss"]
[EventRounds "5"]
[EventCountry "VEN"]
[SourceTitle "EXT 2022"]
[Source "ChessBase"]
[SourceDate "2021.10.06"]
[SourceVersion "1"]
[SourceVersionDate "2021.10.06"]
[SourceQuality "1"]

1. e4 c6 2. d4 d5 3. Nc3 a6 4. Nf3 Bg4 5. Be2 e6 6. exd5 cxd5 7. Ne5 Bxe2 8. Qxe2 Nc6 9. Nxc6 bxc6 10. 0-0 Nf6 11. f4 Bb4 12. f5 Bxc3 13. bxc3 Qd7 14. Ba3 1/2-1/2

[Event "San Cristobal op 3rd"]
[Site "San Cristobal"]
[Date "2016.11.11"]
[Round "3"]
[White "Colina Nunes, Alejandro Jose"]
[Black "Sanchez Fleire, Axtlan Migher"]
[Result "0-1"]
[WhiteElo "1983"]
[BlackElo "1882"]
[PlyCount "126"]
[EventDate "2016.11.10"]
[EventType "swiss"]
[EventRounds "7"]
[EventCountry "VEN"]
[SourceTitle "EXT 2018"]
[Source "ChessBase"]
[SourceDate "2017.10.13"]
[SourceVersion "1"]
[SourceVersionDate "2017.10.13"]
[SourceQuality "1"]

1. e4 c5 2. c3 d5 3. exd5 Qxd5 4. d4 Nf6 5. Nf3 Bg4 6. Be2 e6 7. h3 Bh5 8. 0-0 Be7 9. Be3 Nbd7 10. c4 Qc6 11. Nc3 a6 12. d5 exd5 13. cxd5 Qc7 14. Qd2 0-0 15. Rad1 Bd6 16. Rfe1 Bxf3 17. Bxf3 Ne5 18. Be2 b5 19. Bg5 Ned7 20. Bd3 h6 21. Be3 Rfe8 22. Bf5 Rad8 23. a3 Ne5 24. Qc2 g6 25. Bd3 Bf8 26. Ne4 Nxe4 27. Bxe4 f5 28. Bd3 f4 29. Bc1 c4 30. Bxg6 Re7 31. Be4 Rg7 32. Bxf4 Nf3+ 33. Bxf3 Qxf4 34. Qe4 Qb8 35. Bg4 Bc5 36. Be6+ Kh8 37. Qh4 Rf8 38. Re2 Kh7 39. Qe4+ Kh8 40. Rf1 Qg3 41. Kh1 Bd6 42. f4 Bxf4 43. Rxf4 Rxf4 44. Qb1 Rf2 45. Rxf2 Qxf2 46. Qe4 Qxb2 47. d6 Qd2 48. Qa8+ Kh7 49. Bf5+ Rg6 50. Qb7+ Kh8 51. Bxg6 Qd1+ 52. Kh2 Qxd6+ 53. Kh1 Qxg6 54. Qc7 Qf6 55. Kh2 c3 56. Qc5 Kg7 57. Kg1 Kf7 58. g4 Ke8 59. Kg2 Kd7 60. Qd5+ Kc7 61. Kg1 c2 62. Qc5+ Qc6 63. Qa7+ Kc8 0-1

[Event "Central America Carribean-ch U20"]
[Site "Porlamar"]
[Date "2015.08.24"]
[Round "4"]
[White "Colina Nunes, Alejandro Jose"]
[Black "Perez Carvajal, Ernesto Geosva"]
[Result "1-0"]
[WhiteElo "1933"]
[BlackElo "1707"]
[PlyCount "115"]
[EventDate "2015.08.22"]
[EventType "swiss"]
[EventRounds "9"]
[EventCountry "VEN"]
[SourceTitle "EXT 2018"]
[Source "ChessBase"]
[SourceDate "2017.10.13"]
[SourceVersion "1"]
[SourceVersionDate "2017.10.13"]
[SourceQuality "1"]

1. e4 c5 2. c3 d5 3. exd5 Qxd5 4. d4 Nc6 5. Nf3 Bg4 6. Be2 e6 7. 0-0 Nf6 8. h3 Bh5 9. Be3 cxd4 10. cxd4 Be7 11. Nc3 Qd7 12. Qa4 0-0 13. a3 Rfd8 14. Rfd1 a6 15. b4 b5 16. Qb3 Rac8 17. Rac1 Nd5 18. Ne4 h6 19. Nc5 Bxc5 20. Rxc5 Qd6 21. Rdc1 Nce7 22. Qc2 Bg6 23. Qd2 Bh5 24. Ne5 Bxe2 25. Qxe2 Nb6 26. Qh5 Rf8 27. Qg4 Nf5 28. Rc6 Nxe3 29. fxe3 Qd5 30. R1c5 Qd8 31. Rxb6 Qxb6 32. Nd7 Qb7 33. Nxf8 Kxf8 34. Qf4 Qd7 35. Qe4 Rd8 36. Qh7 Qb7 37. Qh8+ Ke7 38. Qxg7 Rf8 39. Qe5 Rc8 40. Rxc8 Qxc8 41. Qc5+ Kd7 42. Kf2 Qd8 43. Qe5 Qh4+ 44. Ke2 f6 45. Qf4 Qh5+ 46. Qf3 Qg6 47. e4 Qg5 48. Qg4 Qc1 49. Qg7+ Ke8 50. Qxf6 Qb2+ 51. Kf3 Qxa3+ 52. Kf4 Qa2 53. Ke5 Qxg2 54. Qxe6+ Kd8 55. Qxh6 Qg3+ 56. Ke6 Qg8+ 57. Kd6 Qg3+ 58. e5 1-0

[Event "Central America Carribean-ch U20"]
[Site "Porlamar"]
[Date "2015.08.22"]
[Round "1"]
[White "Colina Nunes, Alejandro Jose"]
[Black "Gamboa Mendez, Nicolas De Jesus"]
[Result "1-0"]
[WhiteElo "1933"]
[BlackElo "1476"]
[PlyCount "109"]
[EventDate "2015.08.22"]
[EventType "swiss"]
[EventRounds "9"]
[EventCountry "VEN"]
[SourceTitle "EXT 2018"]
[Source "ChessBase"]
[SourceDate "2017.10.13"]
[SourceVersion "1"]
[SourceVersionDate "2017.10.13"]
[SourceQuality "1"]

1. e4 c5 2. c3 g6 3. d4 Bg7 4. Nf3 cxd4 5. cxd4 Nc6 6. Nc3 d6 7. h3 Nf6 8. Be3 0-0 9. Bd3 a6 10. a3 b5 11. b4 Bb7 12. 0-0 Re8 13. d5 Ne5 14. Nxe5 dxe5 15. Bc5 Rc8 16. Qd2 Nd7 17. Be3 Nb6 18. Bc5 Nd7 19. Be3 Nb6 20. Rfd1 Nc4 21. Bxc4 Rxc4 22. Bc5 Qd7 23. Qd3 e6 24. d6 Rc8 25. a4 Rd4 26. Qe3 Rxd1+ 27. Rxd1 bxa4 28. Qd3 a3 29. Nb1 a5 30. Nxa3 axb4 31. Bxb4 Bf6 32. Ba5 Bc6 33. Nc4 Bd8 34. Nb6 Bxb6 35. Bxb6 Rb8 36. Bc7 Ra8 37. Rb1 Kg7 38. Rb8 Rxb8 39. Bxb8 Qd8 40. Bc7 Qd7 41. f3 Bb5 42. Qc3 f6 43. Qe3 Qc6 44. h4 h5 45. Kh2 Qd7 46. Qa7 Bc6 47. Qb8 f5 48. Qb2 Kf6 49. f4 fxe4 50. Qxe5+ Kf7 51. Bb6 Qe8 52. Bd4 Qf8 53. Qf6+ Ke8 54. Qxe6+ Kd8 55. Bb6# 1-0

[Event "Central America Carribean-ch U20"]
[Site "Porlamar"]
[Date "2015.08.22"]
[Round "2"]
[White "Moreno Chacon, Luis Manuel"]
[Black "Colina Nunes, Alejandro Jose"]
[Result "1-0"]
[WhiteElo "2201"]
[BlackElo "1933"]
[PlyCount "79"]
[EventDate "2015.08.22"]
[EventType "swiss"]
[EventRounds "9"]
[EventCountry "VEN"]
[SourceTitle "EXT 2018"]
[Source "ChessBase"]
[SourceDate "2017.10.13"]
[SourceVersion "1"]
[SourceVersionDate "2017.10.13"]
[SourceQuality "1"]

1. e4 c6 2. d4 d5 3. exd5 cxd5 4. Bd3 Nc6 5. c3 Nf6 6. Bf4 e6 7. Nf3 Be7 8. 0-0 0-0 9. Nbd2 a6 10. a4 Bd7 11. Qe2 Rc8 12. h3 Re8 13. Ne5 Nb8 14. Ndf3 Bf8 15. Ng5 Re7 16. Ng4 h6 17. Nxf6+ gxf6 18. Nh7 Bg7 19. Qg4 e5 20. Nxf6+ Kf8 21. Nxd7+ Nxd7 22. dxe5 Nxe5 23. Qg3 Rc6 24. Rfe1 Ng6 25. Bd2 Rce6 26. Rxe6 Rxe6 27. Re1 Rxe1+ 28. Bxe1 Ne5 29. f4 Nxd3 30. Qxd3 Qb6+ 31. Kh2 Qxb2 32. Qxd5 Bf6 33. Bd2 Kg7 34. c4 Bd4 35. Be1 Qb6 36. Qf3 Qb2 37. Qd3 Bf6 38. Bd2 Qb6 39. Bc3 Qc7 40. Qg3+ 1-0